000 00504nam a2200217Ia 4500
003 0100
008 130303s9999 xx 000 0 und d
020 _a0874624509
040 _cARRUPELIB
050 _aBJ1012.D34 1970
100 _aDavitt , Thomas E
245 _aEthics in the situation
250 _a1st ed.
260 _aMilwaukee, Wisconsin
260 _bMarquette University Press
260 _C1970
300 _axii
300 _b 253p. 21cm.
650 _aETHICS
942 0 0 _04
999 _c33561
_d33561